00846 a2200193 45000010006000000050017000060080041000230030015000640400040000790800034001192450072001530200022002252640033002473000019002805050215002990410008005141000031005228560099005534943620260407155758.0260407a2016 arg spa dAR-UNSa-BCEJYS aAR-UNSa-BCEJYSbspacAR-UNSa-BCEJYS a342.9xDerecho Administrativo10aImpacto del código civil y comercial en el derecho administrativo a978-987-706-101-7 1aBuenos Aires :bAstreac2016 a192 p.c23 cm. a1. La responsabilidad del estado - 2. Los contratos administrativos - 3. Las fuentes del derecho administrativo - 4. La organización administrativa - 5. Los bienes del dominio público y privado del Estado.  aspa1 aBalbín, Carlos Francisco41uhttps://www.biblioeco.unsa.edu.ar/pmb/images/libros/L128100.jpgyImagen de portadaqimage/jpeg